<?xml version="1.0" encoding="UTF-8"?>
<record
    xmlns:xsi="http://www.w3.org/2001/XMLSchema-instance"
    xsi:schemaLocation="http://www.loc.gov/MARC21/slim http://www.loc.gov/standards/marcxml/schema/MARC21slim.xsd"
    xmlns="http://www.loc.gov/MARC21/slim">

  <leader>00339nam a22001457a 4500</leader>
  <controlfield tag="003">OSt</controlfield>
  <controlfield tag="005">20250324125217.0</controlfield>
  <controlfield tag="008">250324b        |||||||| |||| 00| 0 eng d</controlfield>
  <datafield tag="040" ind1=" " ind2=" ">
    <subfield code="c"> </subfield>
  </datafield>
  <datafield tag="082" ind1=" " ind2=" ">
    <subfield code="2">5</subfield>
    <subfield code="a">621.3815</subfield>
    <subfield code="b">JAI</subfield>
  </datafield>
  <datafield tag="245" ind1=" " ind2=" ">
    <subfield code="a">Modern Digital Electronics</subfield>
    <subfield code="c">Jain,R.P</subfield>
  </datafield>
  <datafield tag="250" ind1=" " ind2=" ">
    <subfield code="a">5</subfield>
  </datafield>
  <datafield tag="260" ind1=" " ind2=" ">
    <subfield code="b">Mcgraw Hill</subfield>
    <subfield code="c">2022</subfield>
  </datafield>
  <datafield tag="942" ind1=" " ind2=" ">
    <subfield code="2">ddc</subfield>
    <subfield code="c">BK</subfield>
    <subfield code="e">5</subfield>
    <subfield code="n">0</subfield>
  </datafield>
  <datafield tag="999" ind1=" " ind2=" ">
    <subfield code="c">36216</subfield>
    <subfield code="d">36216</subfield>
  </datafield>
  <datafield tag="952" ind1=" " ind2=" ">
    <subfield code="0">0</subfield>
    <subfield code="1">0</subfield>
    <subfield code="2">ddc</subfield>
    <subfield code="4">0</subfield>
    <subfield code="7">0</subfield>
    <subfield code="8">ECS</subfield>
    <subfield code="a">CRCE</subfield>
    <subfield code="b">CRCE</subfield>
    <subfield code="d">2025-03-24</subfield>
    <subfield code="g">895.00</subfield>
    <subfield code="i">AO/25/03/1239 dt 21.03.2025</subfield>
    <subfield code="l">5</subfield>
    <subfield code="o">621.3815/JAI</subfield>
    <subfield code="p">26690</subfield>
    <subfield code="q">2026-06-15</subfield>
    <subfield code="r">2026-06-05</subfield>
    <subfield code="s">2026-06-05</subfield>
    <subfield code="w">2025-03-24</subfield>
    <subfield code="y">BK</subfield>
  </datafield>
  <datafield tag="952" ind1=" " ind2=" ">
    <subfield code="0">0</subfield>
    <subfield code="1">0</subfield>
    <subfield code="2">ddc</subfield>
    <subfield code="4">0</subfield>
    <subfield code="7">0</subfield>
    <subfield code="8">ECS</subfield>
    <subfield code="a">CRCE</subfield>
    <subfield code="b">CRCE</subfield>
    <subfield code="d">2025-03-24</subfield>
    <subfield code="g">895.00</subfield>
    <subfield code="i">AO/25/03/1239 dt 21.03.2025</subfield>
    <subfield code="l">6</subfield>
    <subfield code="o">621.3815/JAI</subfield>
    <subfield code="p">26691</subfield>
    <subfield code="q">2026-06-22</subfield>
    <subfield code="r">2026-06-12</subfield>
    <subfield code="s">2026-06-12</subfield>
    <subfield code="w">2025-03-24</subfield>
    <subfield code="y">BK</subfield>
  </datafield>
  <datafield tag="952" ind1=" " ind2=" ">
    <subfield code="0">0</subfield>
    <subfield code="1">0</subfield>
    <subfield code="2">ddc</subfield>
    <subfield code="4">0</subfield>
    <subfield code="7">0</subfield>
    <subfield code="8">ECS</subfield>
    <subfield code="a">CRCE</subfield>
    <subfield code="b">CRCE</subfield>
    <subfield code="d">2025-03-24</subfield>
    <subfield code="g">895.00</subfield>
    <subfield code="i">AO/25/03/1239 dt 21.03.2025</subfield>
    <subfield code="l">8</subfield>
    <subfield code="m">4</subfield>
    <subfield code="o">621.3815/JAI</subfield>
    <subfield code="p">26692</subfield>
    <subfield code="r">2026-05-13</subfield>
    <subfield code="s">2026-03-25</subfield>
    <subfield code="w">2025-03-24</subfield>
    <subfield code="y">BK</subfield>
  </datafield>
  <datafield tag="952" ind1=" " ind2=" ">
    <subfield code="0">0</subfield>
    <subfield code="1">0</subfield>
    <subfield code="2">ddc</subfield>
    <subfield code="4">0</subfield>
    <subfield code="7">0</subfield>
    <subfield code="8">ECS</subfield>
    <subfield code="a">CRCE</subfield>
    <subfield code="b">CRCE</subfield>
    <subfield code="d">2025-03-24</subfield>
    <subfield code="g">895.00</subfield>
    <subfield code="i">AO/25/03/1239 dt 21.03.2025</subfield>
    <subfield code="l">4</subfield>
    <subfield code="o">621.3815/JAI</subfield>
    <subfield code="p">26693</subfield>
    <subfield code="r">2026-06-12</subfield>
    <subfield code="s">2025-11-12</subfield>
    <subfield code="w">2025-03-24</subfield>
    <subfield code="y">BK</subfield>
  </datafield>
  <datafield tag="952" ind1=" " ind2=" ">
    <subfield code="0">0</subfield>
    <subfield code="1">0</subfield>
    <subfield code="2">ddc</subfield>
    <subfield code="4">0</subfield>
    <subfield code="7">0</subfield>
    <subfield code="8">ECS</subfield>
    <subfield code="a">CRCE</subfield>
    <subfield code="b">CRCE</subfield>
    <subfield code="d">2025-03-24</subfield>
    <subfield code="g">895.00</subfield>
    <subfield code="i">AO/25/03/1239 dt 21.03.2025</subfield>
    <subfield code="l">3</subfield>
    <subfield code="m">1</subfield>
    <subfield code="o">621.3815/JAI</subfield>
    <subfield code="p">26694</subfield>
    <subfield code="r">2026-05-13</subfield>
    <subfield code="s">2026-01-12</subfield>
    <subfield code="w">2025-03-24</subfield>
    <subfield code="y">BK</subfield>
  </datafield>
  <datafield tag="952" ind1=" " ind2=" ">
    <subfield code="0">0</subfield>
    <subfield code="1">0</subfield>
    <subfield code="2">ddc</subfield>
    <subfield code="4">0</subfield>
    <subfield code="7">0</subfield>
    <subfield code="8">ECS</subfield>
    <subfield code="a">CRCE</subfield>
    <subfield code="b">428</subfield>
    <subfield code="d">2025-03-24</subfield>
    <subfield code="g">895.00</subfield>
    <subfield code="i">AO/25/03/1239 dt 21.03.2025</subfield>
    <subfield code="l">6</subfield>
    <subfield code="m">3</subfield>
    <subfield code="o">621.3815/JAI</subfield>
    <subfield code="p">26695</subfield>
    <subfield code="q">2025-12-30</subfield>
    <subfield code="r">2025-12-20</subfield>
    <subfield code="s">2025-12-20</subfield>
    <subfield code="w">2025-03-24</subfield>
    <subfield code="y">BK</subfield>
  </datafield>
  <datafield tag="952" ind1=" " ind2=" ">
    <subfield code="0">0</subfield>
    <subfield code="1">0</subfield>
    <subfield code="2">ddc</subfield>
    <subfield code="4">0</subfield>
    <subfield code="7">0</subfield>
    <subfield code="8">ECS</subfield>
    <subfield code="a">CRCE</subfield>
    <subfield code="b">CRCE</subfield>
    <subfield code="d">2025-03-24</subfield>
    <subfield code="g">895.00</subfield>
    <subfield code="i">AO/25/03/1239 dt 21.03.2025</subfield>
    <subfield code="l">7</subfield>
    <subfield code="m">4</subfield>
    <subfield code="o">621.3815/JAI</subfield>
    <subfield code="p">26696</subfield>
    <subfield code="q">2026-06-14</subfield>
    <subfield code="r">2026-06-04</subfield>
    <subfield code="s">2026-06-04</subfield>
    <subfield code="w">2025-03-24</subfield>
    <subfield code="y">BK</subfield>
  </datafield>
  <datafield tag="952" ind1=" " ind2=" ">
    <subfield code="0">0</subfield>
    <subfield code="1">0</subfield>
    <subfield code="2">ddc</subfield>
    <subfield code="4">0</subfield>
    <subfield code="7">0</subfield>
    <subfield code="8">ECS</subfield>
    <subfield code="a">CRCE</subfield>
    <subfield code="b">428</subfield>
    <subfield code="d">2025-03-24</subfield>
    <subfield code="g">895.00</subfield>
    <subfield code="i">AO/25/03/1239 dt 21.03.2025</subfield>
    <subfield code="l">9</subfield>
    <subfield code="m">4</subfield>
    <subfield code="o">621.3815/JAI</subfield>
    <subfield code="p">26697</subfield>
    <subfield code="r">2026-04-24</subfield>
    <subfield code="s">2026-03-16</subfield>
    <subfield code="w">2025-03-24</subfield>
    <subfield code="y">BK</subfield>
  </datafield>
  <datafield tag="952" ind1=" " ind2=" ">
    <subfield code="0">0</subfield>
    <subfield code="1">0</subfield>
    <subfield code="2">ddc</subfield>
    <subfield code="4">0</subfield>
    <subfield code="7">0</subfield>
    <subfield code="8">ECS</subfield>
    <subfield code="a">CRCE</subfield>
    <subfield code="b">428</subfield>
    <subfield code="d">2025-03-24</subfield>
    <subfield code="g">895.00</subfield>
    <subfield code="i">AO/25/03/1239 dt 21.03.2025</subfield>
    <subfield code="l">4</subfield>
    <subfield code="m">1</subfield>
    <subfield code="o">621.3815/JAI</subfield>
    <subfield code="p">26698</subfield>
    <subfield code="q">2025-10-20</subfield>
    <subfield code="r">2025-10-10</subfield>
    <subfield code="s">2025-10-10</subfield>
    <subfield code="w">2025-03-24</subfield>
    <subfield code="y">BK</subfield>
  </datafield>
</record>
